000 00893nas a2200241 a 4500
001 524579
005 20250611115637.0
007 ta
008 890206e2018 dr zn p|ro || ospa ||spa|
040 _aDO-SdBNP
_cBNPHU
_erda
041 _hspa
100 _92731
_aGómez, Wilson
_eeditor
245 _aAquí Barahona :
_bpublicación a favor de una comunidad que progresa /
_cWilson Gómez, editor.
264 _aBarahona Provincia, República Dominicana :
_b[editor no identificado],
_c2018.
300 _avolumen :
_bilustraciones, fotografías ;
_c28 cm.
310 _aCuatrimestral.
336 _atexto
_btxt
_2rdacontent
337 _asin mediación
_bn
_2rdamedia
338 _avolumen
_bnc
_2rdacarrier
362 _aAño 1, Núm 1, enero-abril 2018.
650 0 _aBarahona
_xAspectos culturales
_vPublicaciones periódicas
_zRepública Dominicana
_917726
942 _2ddc
_cISSUE
999 _c58884
_d58884